Landschaften as Credit Purveyors
| Titel: | Landschaften as Credit Purveyors : The Example of East Prussia / Kirsten Wandschneider |
|---|---|
| Verfasser: | |
| In: |
The journal of economic history, Band 75, Heft 3 (2015), Seite 791-818 alle Artikel anzeigen |
| Veröffentlicht: | 2015 |
| Format: | Aufsatz |
| Sprache: | Englisch |
X
alg: 41626857
001A $03025:06-09-17
001B $03025:15-05-25 $t14:07:48.000
001C $03025:06-09-17 $t10:05:59.000
001D $03025:06-09-17
001U $0utf8
001X $00
002@ $0Oou
002C $aText $btxt $2rdacontent
002D $aComputermedien $bc $2rdamedia
002E $aOnline-Ressource $bcr $2rdacarrier
003@ $0416268579
007A $0416268579 $aHEB
009Q $uhttps://doi.org/10.1017/S0022050715001060 $xVolltext
010@ $aeng
010E $erda
011@ $a2015
021A $aLandschaften as Credit Purveyors $dThe Example of East Prussia $hKirsten Wandschneider
028A $BVerfasser $4aut $7 $8Wandschneider, Kirsten [Tnd] $9215295854
031A $d75 $e3 $h791-818 $j2015
039B $aEnthalten in $8--Obvc--. The @journal of economic history. - Cambridge {[u.a.] : Cambridge Univ. Press, 1941-. - Online-Ressource. - ISSN 1471-6372 $x201500000750003209 $908398156X
044K $#Ostpreußen $#Ostpreußen $#Provinz Ostpreußen $74075754-7 $8Ostpreußen [Tg1] $9085214493
044K $RKreditgenossenschaft $#Landschaftliche Bank $#Ritterschaft Kreditwesen $#Ritterschaftlicher Kreditverein $74265378-2 $8Landschaft$gKreditwesen [Ts1] $9086417509
044K $RAdel $#Gentry $#Seigneurs $74166522-3 $8Landadel [Ts1] $9085749265
045R $aGeschichte 1763-1865
lok: 41626857 78
exp: 41626857 78 1 #EPN
201B/01 $006-09-17 $t10:04:23.000
201C/01 $006-09-17
201U/01 $0utf8
203@/01 $01006710132
208@/01 $a06-09-17 $be
209A/01 $a/ $f000 $x00
209A/01 $ab*p $x01
220C/01 $apgar
244Z/01 $#Preußen $#Preußen $#Brandenburg-Preußen $#Königreich Preußen $#Preußische Staaten $#Preußischer Staat $#Der @Preußische Staat $#Königlich Preußische Staaten $#Prusy Królewskie $#Königlich Preußen $#Prussia $74047194-9 $8--Tg1--Preußen $x01 $9085131652
247C/01 $82080>Marburg/Lahn, Herder-Institut, Forschungsbibliothek, Bibliographieportal $9336309341
| LEADER | 00000caa a2200000 c 4500 | ||
|---|---|---|---|
| 001 | 416268579 | ||
| 003 | DE-603 | ||
| 005 | 20250515140748.0 | ||
| 007 | cr|||||||||||| | ||
| 008 | 170906s2015 xx |||| o| u00||u|eng c | ||
| 035 | |a (DE-599)HEB416268579 | ||
| 040 | |a DE-603 |b ger |c DE-603 |d DE-603 |e rda | ||
| 041 | |a eng | ||
| 100 | 1 | |a Wandschneider, Kirsten |e Verfasser |4 aut |0 (DE-603)215295854 | |
| 245 | 0 | 0 | |a Landschaften as Credit Purveyors |b The Example of East Prussia |c Kirsten Wandschneider |
| 264 | 0 | |c 2015 | |
| 336 | |a Text |b txt |2 rdacontent | ||
| 337 | |a Computermedien |b c |2 rdamedia | ||
| 338 | |a Online-Ressource |b cr |2 rdacarrier | ||
| 648 | 7 | |a Geschichte 1763-1865 |2 gnd | |
| 650 | 7 | |a Landschaft |g Kreditwesen |0 (DE-588)4265378-2 |0 (DE-603)086417509 |2 gnd | |
| 650 | 7 | |a Landadel |0 (DE-588)4166522-3 |0 (DE-603)085749265 |2 gnd | |
| 651 | 7 | |a Ostpreußen |0 (DE-588)4075754-7 |0 (DE-603)085214493 |2 gnd | |
| 773 | 0 | 8 | |i Enthalten in |t The journal of economic history |d Cambridge [u.a.] : Cambridge Univ. Press, 1941- |h Online-Ressource |x 1471-6372 |g Band 75, Heft 3 (2015), Seite 791-818 |w (DE-603)08398156X |w (DE-600)1495598-2 |
| 856 | |u https://doi.org/10.1017/S0022050715001060 | ||
| 924 | 1 | |9 2080 |a (DE-603)1006710132 |b DE-2080 |c HES |d d |g / | |


